<?xml version="1.0" encoding="UTF-8"?>
<record
    xmlns:xsi="http://www.w3.org/2001/XMLSchema-instance"
    xsi:schemaLocation="http://www.loc.gov/MARC21/slim http://www.loc.gov/standards/marcxml/schema/MARC21slim.xsd"
    xmlns="http://www.loc.gov/MARC21/slim">

  <leader>01102pam a2200361 ia4500</leader>
  <controlfield tag="001">vtls000889840</controlfield>
  <controlfield tag="003">PNM</controlfield>
  <controlfield tag="005">20210323102742.0</controlfield>
  <controlfield tag="008">191106s2020    my a   j      000 1 may  </controlfield>
  <datafield tag="015" ind1=" " ind2=" ">
    <subfield code="a">M20-03143</subfield>
  </datafield>
  <datafield tag="020" ind1=" " ind2=" ">
    <subfield code="a">9789670975870</subfield>
    <subfield code="q">set</subfield>
  </datafield>
  <datafield tag="020" ind1=" " ind2=" ">
    <subfield code="a">9789670975924</subfield>
    <subfield code="c">RM17.37</subfield>
    <subfield code="q">paperback</subfield>
  </datafield>
  <datafield tag="039" ind1=" " ind2="9">
    <subfield code="a">202008151935</subfield>
    <subfield code="b">siti</subfield>
    <subfield code="c">202005201517</subfield>
    <subfield code="d">hema</subfield>
    <subfield code="c">201911091615</subfield>
    <subfield code="d">amy_z</subfield>
  </datafield>
  <datafield tag="040" ind1=" " ind2=" ">
    <subfield code="a">BNM</subfield>
    <subfield code="b">eng</subfield>
    <subfield code="c">BNM</subfield>
    <subfield code="e">rda</subfield>
    <subfield code="d">PPAK</subfield>
  </datafield>
  <datafield tag="049" ind1=" " ind2=" ">
    <subfield code="a">mal</subfield>
  </datafield>
  <datafield tag="082" ind1="0" ind2="4">
    <subfield code="2">23</subfield>
    <subfield code="a">899.2333</subfield>
  </datafield>
  <datafield tag="090" ind1="0" ind2="0">
    <subfield code="a">899.2333</subfield>
    <subfield code="b">AIN</subfield>
    <subfield code="d">K</subfield>
  </datafield>
  <datafield tag="100" ind1="0" ind2=" ">
    <subfield code="a">Ainun Marziah Isa,</subfield>
    <subfield code="d">1970-</subfield>
    <subfield code="e">author.</subfield>
  </datafield>
  <datafield tag="245" ind1="1" ind2="0">
    <subfield code="a">Si Bongkok Dengan Geliga Naga /</subfield>
    <subfield code="c">Ainun Marziah Isa</subfield>
  </datafield>
  <datafield tag="264" ind1=" " ind2="1">
    <subfield code="a">Kuching, Sarawak :</subfield>
    <subfield code="b">Anugerah Publications,</subfield>
    <subfield code="c">[2020?]</subfield>
  </datafield>
  <datafield tag="300" ind1=" " ind2=" ">
    <subfield code="a">30 pages :</subfield>
    <subfield code="b">colour illustrations ;</subfield>
    <subfield code="c">22 cm.</subfield>
  </datafield>
  <datafield tag="336" ind1=" " ind2=" ">
    <subfield code="a">text</subfield>
    <subfield code="2">rdacontent</subfield>
  </datafield>
  <datafield tag="337" ind1=" " ind2=" ">
    <subfield code="a">unmediated</subfield>
    <subfield code="2">rdamedia</subfield>
  </datafield>
  <datafield tag="338" ind1=" " ind2=" ">
    <subfield code="a">volume</subfield>
    <subfield code="2">rdacarrier</subfield>
  </datafield>
  <datafield tag="490" ind1="1" ind2=" ">
    <subfield code="a">Iktibar Zaman Silam</subfield>
  </datafield>
  <datafield tag="650" ind1="1" ind2="0">
    <subfield code="a">Children's stories, Malay</subfield>
  </datafield>
  <datafield tag="650" ind1="2" ind2="0">
    <subfield code="a">Malay fiction</subfield>
  </datafield>
  <datafield tag="650" ind1="2" ind2="4">
    <subfield code="a">Didactic fiction, Malay</subfield>
  </datafield>
  <datafield tag="830" ind1=" " ind2="0">
    <subfield code="a">Iktibar zaman silam</subfield>
  </datafield>
  <datafield tag="942" ind1=" " ind2=" ">
    <subfield code="2">ddc</subfield>
    <subfield code="c">B</subfield>
  </datafield>
  <datafield tag="949" ind1=" " ind2=" ">
    <subfield code="6">2000723122</subfield>
  </datafield>
  <datafield tag="949" ind1=" " ind2=" ">
    <subfield code="6">2000723121</subfield>
  </datafield>
  <datafield tag="999" ind1=" " ind2=" ">
    <subfield code="c">182853</subfield>
    <subfield code="d">182853</subfield>
  </datafield>
  <datafield tag="952" ind1=" " ind2=" ">
    <subfield code="0">0</subfield>
    <subfield code="7">0</subfield>
    <subfield code="b">PPAK</subfield>
    <subfield code="c">K</subfield>
    <subfield code="d">2021-04-06</subfield>
    <subfield code="o">K 899.2333 AIN</subfield>
    <subfield code="p">A01683266</subfield>
    <subfield code="r">2021-04-06 00:00:00</subfield>
    <subfield code="y">B</subfield>
  </datafield>
  <datafield tag="952" ind1=" " ind2=" ">
    <subfield code="0">0</subfield>
    <subfield code="7">0</subfield>
    <subfield code="b">SP</subfield>
    <subfield code="c">K</subfield>
    <subfield code="d">2021-04-06</subfield>
    <subfield code="l">1</subfield>
    <subfield code="o">K 899.2333 AIN</subfield>
    <subfield code="p">A01683267</subfield>
    <subfield code="r">2025-08-20 13:19:04</subfield>
    <subfield code="s">2025-08-06</subfield>
    <subfield code="y">B</subfield>
  </datafield>
  <datafield tag="952" ind1=" " ind2=" ">
    <subfield code="0">0</subfield>
    <subfield code="7">0</subfield>
    <subfield code="b">KM</subfield>
    <subfield code="c">K</subfield>
    <subfield code="d">2021-04-06</subfield>
    <subfield code="l">1</subfield>
    <subfield code="o">K 899.2333 AIN</subfield>
    <subfield code="p">A01683268</subfield>
    <subfield code="r">2023-03-12 00:00:00</subfield>
    <subfield code="s">2023-02-19</subfield>
    <subfield code="y">B</subfield>
  </datafield>
  <datafield tag="952" ind1=" " ind2=" ">
    <subfield code="0">0</subfield>
    <subfield code="7">0</subfield>
    <subfield code="b">BL</subfield>
    <subfield code="c">K</subfield>
    <subfield code="d">2021-04-06</subfield>
    <subfield code="l">2</subfield>
    <subfield code="o">K 899.2333 AIN</subfield>
    <subfield code="p">A01683269</subfield>
    <subfield code="r">2025-02-10 13:02:29</subfield>
    <subfield code="s">2025-02-01</subfield>
    <subfield code="y">B</subfield>
  </datafield>
  <datafield tag="952" ind1=" " ind2=" ">
    <subfield code="0">0</subfield>
    <subfield code="7">0</subfield>
    <subfield code="b">BB</subfield>
    <subfield code="c">K</subfield>
    <subfield code="d">2021-04-06</subfield>
    <subfield code="o">K 899.2333 AIN</subfield>
    <subfield code="p">A01683270</subfield>
    <subfield code="r">2021-04-06 00:00:00</subfield>
    <subfield code="y">B</subfield>
  </datafield>
  <datafield tag="952" ind1=" " ind2=" ">
    <subfield code="0">0</subfield>
    <subfield code="7">0</subfield>
    <subfield code="b">MR</subfield>
    <subfield code="c">K</subfield>
    <subfield code="d">2021-04-06</subfield>
    <subfield code="o">K 899.2333 AIN</subfield>
    <subfield code="p">A01683271</subfield>
    <subfield code="r">2021-04-06 00:00:00</subfield>
    <subfield code="y">B</subfield>
  </datafield>
  <datafield tag="952" ind1=" " ind2=" ">
    <subfield code="0">0</subfield>
    <subfield code="7">0</subfield>
    <subfield code="b">SK</subfield>
    <subfield code="c">K</subfield>
    <subfield code="d">2021-04-06</subfield>
    <subfield code="o">K 899.2333 AIN</subfield>
    <subfield code="p">A01683273</subfield>
    <subfield code="r">2021-04-06 00:00:00</subfield>
    <subfield code="y">B</subfield>
  </datafield>
  <datafield tag="952" ind1=" " ind2=" ">
    <subfield code="0">0</subfield>
    <subfield code="7">0</subfield>
    <subfield code="b">KN</subfield>
    <subfield code="c">K</subfield>
    <subfield code="d">2021-04-06</subfield>
    <subfield code="o">K 899.2333 AIN</subfield>
    <subfield code="p">A01683274</subfield>
    <subfield code="r">2021-04-06 00:00:00</subfield>
    <subfield code="y">B</subfield>
  </datafield>
  <datafield tag="952" ind1=" " ind2=" ">
    <subfield code="0">0</subfield>
    <subfield code="7">0</subfield>
    <subfield code="b">PG</subfield>
    <subfield code="c">K</subfield>
    <subfield code="d">2021-04-06</subfield>
    <subfield code="l">2</subfield>
    <subfield code="o">K 899.2333 AIN</subfield>
    <subfield code="p">A01683275</subfield>
    <subfield code="r">2026-01-11 12:00:02</subfield>
    <subfield code="s">2025-12-15</subfield>
    <subfield code="y">B</subfield>
  </datafield>
  <datafield tag="952" ind1=" " ind2=" ">
    <subfield code="0">0</subfield>
    <subfield code="7">0</subfield>
    <subfield code="b">PD3</subfield>
    <subfield code="c">K</subfield>
    <subfield code="d">2021-04-06</subfield>
    <subfield code="o">K 899.2333 AIN</subfield>
    <subfield code="p">A01683276</subfield>
    <subfield code="r">2021-04-06 00:00:00</subfield>
    <subfield code="y">B</subfield>
  </datafield>
  <datafield tag="952" ind1=" " ind2=" ">
    <subfield code="0">0</subfield>
    <subfield code="7">0</subfield>
    <subfield code="b">PD3</subfield>
    <subfield code="c">K</subfield>
    <subfield code="d">2021-04-06</subfield>
    <subfield code="o">K 899.2333 AIN</subfield>
    <subfield code="p">A01683277</subfield>
    <subfield code="r">2021-04-06 00:00:00</subfield>
    <subfield code="y">B</subfield>
  </datafield>
  <datafield tag="952" ind1=" " ind2=" ">
    <subfield code="0">0</subfield>
    <subfield code="7">0</subfield>
    <subfield code="b">PD3</subfield>
    <subfield code="c">K</subfield>
    <subfield code="d">2021-04-06</subfield>
    <subfield code="o">K 899.2333 AIN</subfield>
    <subfield code="p">A01683278</subfield>
    <subfield code="r">2021-04-06 00:00:00</subfield>
    <subfield code="y">B</subfield>
  </datafield>
  <datafield tag="952" ind1=" " ind2=" ">
    <subfield code="0">0</subfield>
    <subfield code="7">0</subfield>
    <subfield code="b">PD3</subfield>
    <subfield code="c">K</subfield>
    <subfield code="d">2021-04-06</subfield>
    <subfield code="o">K 899.2333 AIN</subfield>
    <subfield code="p">A01683279</subfield>
    <subfield code="r">2021-04-06 00:00:00</subfield>
    <subfield code="y">B</subfield>
  </datafield>
</record>
